Historia social, sociología histórica
Bewaard in:
| Hoofdauteur: | |
|---|---|
| Formaat: | Boek |
| Taal: | Spaans |
| Gepubliceerd in: |
Madrid
Siglo XXI
2010
|
| Editie: | 1a. ed |
| Reeks: | Colección Clásicos para el Siglo XXI
|
| Onderwerpen: | |
| Tags: |
Voeg label toe
Geen labels, Wees de eerste die dit record labelt!
|
MARC
| LEADER | 00000nam a2200000 a 4500 | ||
|---|---|---|---|
| 001 | UCG4557 | ||
| 003 | CL-VaPUC | ||
| 008 | 101111e20100200SP |||||||||||||||||spa|d | ||
| 020 | |a 9788432314094 | ||
| 082 | 0 | 4 | |a 301 |b JUL |2 21 |
| 100 | |a Juliá Díaz, Santos |e author |9 553898 | ||
| 245 | 1 | 0 | |a Historia social, sociología histórica |
| 250 | |a 1a. ed | ||
| 300 | |a 227 p | ||
| 942 | |c BK | ||
| 945 | |d 20101111 00:00:00 |a mfarfan | ||
| 260 | |a Madrid |b Siglo XXI |c 2010 | ||
| 650 | 0 | |a Sociología histórica |9 307548 | |
| 650 | 0 | |a Historia social |9 313638 | |
| 650 | 7 | |a TEORIA SOCIAL |2 CL-VaPUC |9 393289 | |
| 650 | 0 | |a Ciencias sociales |9 256351 | |
| 583 | |a last modification |c 20101111 00:00:00 |k Rodrigo Vera | ||
| 490 | 0 | |a Colección Clásicos para el Siglo XXI | |
| 999 | |c 343255 |d 343253 | ||
| 952 | |0 0 |1 0 |4 0 |6 301_000000000000000_JUL_2010 |7 0 |8 A |9 440418 |a BIBHIS |b BIBHIS |d 2019-11-22 |i 4734440 |l 1 |o 301 JUL 2010 |p 4734440 |r 2025-01-20 |s 2021-05-27 |w 2019-11-22 |y BK |k HIS | ||